| 000 | 00413 a2200121 4500 | ||
|---|---|---|---|
| 020 | _a0963488406 | ||
| 090 |
_c7095 _d7095 |
||
| 245 | 1 | 0 |
_aVisualizing data _c/ William S. Cleveland. |
| 260 | 0 |
_aMurray Hill, N.J. _b: At&T Bell Laboratories _a; [Summit, N.J. _b: Published by Hobart Press _c, c1993] |
|
| 300 |
_a360 p. _b: ill. _c; 26 cm. |
||
| 650 | 0 |
_aMathematical statistics _xGraphic methods. |
|
| 942 |
_cBK _k001.4224 CLE |
||
| 999 |
_c10900 _d10900 |
||